000 00349 a2200157 4500
001 45058
020 _a8506039223
040 _cAnchieta - Aquarius
240 1 0 _aPoemas com sol e sons
_lpor
245 1 0 _aPoemas com sol e sons
300 _a72
362 0 _a2006
440 1 _aMelhoramentos
650 4 _aLiteratura infanto-juvenil
942 _cBK
999 _c45058
_d45058